000 00485nam a2200181Ia 4500
005 20250423101517.0
008 250422s9999 xx 000 0 und d
020 _a9780072434224
050 _aPZ 3.H9457 .H87/
100 _aHurston, Zora Neale.
245 0 _aTheir eyes were watching God: a novel
260 _aPhiladelphia
260 _bJ.B. Lippincott Co
260 _c2006
300 _a219 p
650 _aAfrican American women--Fiction. Florida--Fiction.
942 _cBK
999 _c36500
_d36500